| 000 | 00814cam a22002411 4500 | ||
|---|---|---|---|
| 001 | 9338 | ||
| 003 | BD-RjUL | ||
| 005 | 20211208234748.0 | ||
| 008 | 140120s1961 enk 1 0 eng d | ||
| 035 | _a(BD-RjUL)9383 | ||
| 040 |
_aBD-RjUL _beng _cBD-RjUL _dBD-RjUL |
||
| 041 | _aeng | ||
| 082 | 0 | 0 |
_a621.4833 _bSYF 1961 |
| 111 | 2 | 0 |
_aSymposium on Fuel Element Fabrication _d(1960 : _cVienna) _928955 |
| 245 | 1 | 0 |
_aFuel element fabrication, with special emphasis on cladding materials : _bproceedings of a Symposium held in Vienna, May 10-13, 1960 / _nvolume 2 |
| 260 | 0 |
_aLond. : _bAcademic Press, _cc1961. |
|
| 300 |
_axii, 384 p. : _billus. ; _c25 cm. |
||
| 504 | _aIncludes index. | ||
| 650 | 0 |
_aNuclear fuels. _928516 |
|
| 650 | 0 |
_aNuclear reactors. _928078 |
|
| 650 | 0 |
_aMetal cladding. _928951 |
|
| 942 |
_2ddc _cBK |
||
| 999 |
_c9338 _d9338 |
||